| 000 | 00676nam a22002177a 4500 | ||
|---|---|---|---|
| 999 |
_c7460 _d7460 |
||
| 001 | 7460 | ||
| 003 | BD-JhCC | ||
| 005 | 20180210164548.0 | ||
| 008 | 180210s2012 |||| |||| 00| 0 d | ||
| 020 | _a9789844066516 | ||
| 035 | _a(BD-JhCC)7460 | ||
| 040 |
_aBD-JhCC _dBD-JhCC |
||
| 041 | _aben | ||
| 082 |
_a910.4 _bALI 2012 |
||
| 100 | _aআলী, সৈয়দ মুজতবা | ||
| 245 |
_aচাচা কাহিনী / _cসৈয়দ মুজতবা আলী |
||
| 260 |
_aঢাকা : _bস্টুডেন্ট ওয়েজ, _c২০১২. |
||
| 300 |
_a১২৪ পৃ. : _c২২ সেমি. |
||
| 650 | _aTravelogue | ||
| 942 |
_2ddc _cBK |
||